Normal view
MARC view
- Gohagan, John Kenneth
Entry Personal Name
001 - CONTROL NUMBER
- control field: 110338
003 - CONTROL NUMBER IDENTIFIER
- control field: NUST
005 - DATE AND TIME OF LATEST TRANSACTION
- control field: 20230315145411.0
008 - FIXED-LENGTH DATA ELEMENTS
- fixed length control field: 230315|| aca||aabn | a|a d
040 ## - CATALOGING SOURCE
- Original cataloging agency: NUST
- Transcribing agency: NUST
100 ## - HEADING--PERSONAL NAME
- Personal name: Gohagan, John Kenneth
670 ## - SOURCE DATA FOUND
- Source citation: Work cat.: (NUST)184736: Gohagan, John Kenneth., Quantitative analysis for public policy /, c1980.
